Carregant...

Tamil syntax: New perspectives. /

Dades bibliogràfiques
Autor principal: Kothandaraman, R
Format: Printed Book
Idioma:English
Publicat: Pondicherry: Pondicherry Institute of Linguistic Culture, 1990.
LEADER 00493nam a2200133Ia 4500
008 121027s9999 xx 000 0 eng d
020 |a 8185452008 
082 |a 494.8115  |b KOT/T 
100 |a Kothandaraman, R 
245 |a Tamil syntax: New perspectives. / 
260 |a Pondicherry:  |b Pondicherry Institute of Linguistic Culture,  |c 1990. 
300 |a 232p 
999 |c 67630  |d 67630 
952 |0 0  |1 0  |4 0  |6 494_811500000000000_KOT_T  |7 0  |9 67607  |a UL  |b UL  |c ST2  |d 2012-10-27  |l 0  |o 494.8115 KOT/T  |p G6463  |r 2012-10-27  |w 2012-10-27  |y BK